00962nab a22002177a 4500999001500000003000400015005001700019008004100036040000700077100002800084245005900112300001500171500003700186505010200223505016700325650002800492650002000520650003500540773015600575942001300731 c5737d5737OSt20260101193842.0190514b xxu||||| |||| 00| 0 spa d cPJ 96657aFeierherd, Julia 10aCapacidad progresiva ¿con apoyos? /cJulia Feierherd. ap. 129-134 aCita: TR LALEY AR/DOC/3258/2024. aSumario: I. Introducción.— II. El fallo.— III. Análisis del fallo.— IV. Conclusión.  aFallo comentado: CCiv., Com., Lab. y Minería, de Neuquén Sala III ~ 26/06/2024 ~ N. V. J. G. s/ medida de protección excepcional de niños y adolescentes. 09967aDERECHO DE FAMILIA 092342aCAPACIDAD 091057aJURISPRUDENCIA APLICABLE0 0284493222dBuenos Aires : AbeledoPerrot, 1989-tDerecho de familia. Revista Interdisciplinaria de doctrina y jurisprudencia. Febrero 2025-I.z18511201 2udccANA